Statistics for General Knowledge Quiz #159

Click here to take the quiz!

General Stats

  • This quiz has been taken 20,013 times
  • The average score is 11 of 20

Answer Stats

Question Answer % Correct
What sport is played with mallets and horses?Polo
89%
What ancient civilization built Machu Picchu?The Incas
83%
What was Freud's first name?Sigmund
80%
What are the three most populous cities in India?Delhi
78%
What are the three most populous cities in India?Mumbai
78%
What is the word for the art of decorative writing, derived from the Greek for "pretty writing"?Calligraphy
69%
What movie starred Julia Roberts and Richard Gere?Pretty Woman
(or Runaway Bride)
67%
What animal resembles a small porcupine, and is sometimes kept as a house pet?Hedgehog
65%
What type of animals are direct descendants of the dinosaurs?Birds
63%
Name a country where orangutans still live in the wild.Indonesia
59%
What is the most densely populated country in Asia?Singapore
53%
What are the three most populous cities in India?Kolkata
49%
Whose discography has included the albums "The Fame Monster", "Artpop", and "Joanne"?Lady Gaga
41%
Name one of the "wedges" commonly carried in a golf bagPitching, Sand,
Lob, or Gap
41%
What drug is sold under the brand names Advil and Motrin?Ibuprofen
38%
Complete the quote: Rule Brittania! Britannia rule the _____Waves
38%
What was the superhero name of Barry Allen and Wally West?The Flash
35%
Who introduced many socialist policies to Venezuela after he was elected President in 1998?Hugo Chávez
33%
In what song did Madonna famously sing
"the boy with the cold hard cash / is always Mister Right"?
Material Girl
28%
What Latin American dish is made with raw fish cured in citrus juice?Ceviche
24%

Score Distribution

Percentile by Number Answered

Percent of People with Each Score

Your Score History

You have not taken this quiz